5HLuxD.jpg

KING HENRY VIII SENIOR AND PRIMARY SCHOOL LIBRARY OPAC

Fantastic beasts and where to find them / (Record no. 1100)

000 -LEADER
fixed length control field 01196cam a2200373 i 4500
001 - CONTROL NUMBER
control field 563693
003 - CONTROL NUMBER IDENTIFIER
control field OSt
005 - DATE AND TIME OF LATEST TRANSACTION
control field 20211005091654.0
008 - FIXED-LENGTH DATA ELEMENTS--GENERAL INFORMATION
fixed length control field 190306r20182001enka j 000 f eng d
020 ## - INTERNATIONAL STANDARD BOOK NUMBER
International Standard Book Number 9781408896945
Qualifying information (pbk.) :
020 ## - INTERNATIONAL STANDARD BOOK NUMBER
International Standard Book Number 9781526620309
Qualifying information box set
040 ## - CATALOGING SOURCE
Original cataloging agency NCUE
Description conventions rda
Transcribing agency KH8
042 ## - AUTHENTICATION CODE
Authentication code nbic
082 ## - DEWEY DECIMAL CLASSIFICATION NUMBER
Classification number FIC ROW
099 ## - LOCAL FREE-TEXT CALL NUMBER (OCLC)
Classification number 108LIB
100 1# - MAIN ENTRY--PERSONAL NAME
Personal name Rowling, J. K.,
Relator term author.
245 10 - TITLE STATEMENT
Title Fantastic beasts and where to find them /
Statement of responsibility, etc. J.K. Rowling, Newt Scamander ; illustrated by Tomislav Tomic.
250 ## - EDITION STATEMENT
Edition statement Fully revised and updated.
264 #1 - PRODUCTION, PUBLICATION, DISTRIBUTION, MANUFACTURE, AND COPYRIGHT NOTICE
Place of production, publication, distribution, manufacture London :
Name of producer, publisher, distributor, manufacturer Bloomsbury Publishing :
-- Obscurus Books,
Date of production, publication, distribution, manufacture, or copyright notice 2018.
300 ## - PHYSICAL DESCRIPTION
Extent xxxvi, 98 pages :
Other physical details illustrations ;
Dimensions 20 cm.
336 ## - CONTENT TYPE
Content type term text
Source rdacontent.
336 ## - CONTENT TYPE
Content type term still image
Source rdacontent.
337 ## - MEDIA TYPE
Media type term unmediated
Source rdamedia.
338 ## - CARRIER TYPE
Carrier type term volume
Source rdacarrier.
490 ## - SERIES STATEMENT
Series statement Hogwarts library
500 ## - GENERAL NOTE
General note This edition originally published: 2001.
650 #0 - SUBJECT ADDED ENTRY--TOPICAL TERM
Topical term or geographic name entry element Wizards
Form subdivision Juvenile fiction.
650 #0 - SUBJECT ADDED ENTRY--TOPICAL TERM
Topical term or geographic name entry element Animals, Mythical
Form subdivision Juvenile fiction.
655 #0 - INDEX TERM--GENRE/FORM
Genre/form data or focus term Children's stories.
655 #0 - INDEX TERM--GENRE/FORM
Genre/form data or focus term Fantasy fiction.
700 1# - ADDED ENTRY--PERSONAL NAME
Personal name Tomić, Tomislav,
Relator term illustrator.
700 1# - ADDED ENTRY--PERSONAL NAME
Personal name Scamander, Newt.
942 ## - ADDED ENTRY ELEMENTS (KOHA)
Source of classification or shelving scheme
Koha item type Books - Fiction
Holdings
Withdrawn status Lost status Source of classification or shelving scheme Damaged status Not for loan Collection code Permanent Location Current Location Shelving location Date acquired Total Checkouts Full call number Barcode Date last seen Date last checked out Price effective from Koha item type
          Fiction KH8 Senior School Library KH8 Senior School Library Fiction 2021-10-05 1 FIC ROW 3KHSL000101827 2024-09-23 2022-01-11 2021-10-05 Books - Fiction

Powered By KH8 IT Dept